Language Quiz

Random Language or French Quiz

4x4 Grid Match: Language Quiz Stats

 Plays Quiz Updated Aug 14, 2018

Score 0/16 Timer 04:00
3 Plays Today
% Correct
Geben
82.8%
Haben
81.5%
Machen
73%
Faire
70.9%
Aller
68.9%
Avoir
68.2%
Tener
68.1%
Gehen
65.2%
% Correct
Ir
65.1%
Dar
61.1%
Donner
59.3%
Dare
57.7%
Fare
57.1%
Avere
56.3%
Hacer
53.9%
Andare
53.3%

You're not logged in!

Compare scores with friends on all Sporcle quizzes.
OR
Log In

Sporcle TV

Today on Sporcle TV


Watch our educational content, quiz creation guides, and fun videos on Sporcle TV.

Show Comments

Extras

Top Quizzes Today


Score Distribution

Your Account Isn't Verified!

In order to create a playlist on Sporcle, you need to verify the email address you used during registration. Go to your Sporcle Settings to finish the process.

Report this User

Report this user for behavior that violates our Community Guidelines.

Details: